000 00272nam a22001217a 4500
008 170710b xxu||||| |||| 00| 0 eng d
041 _aeng
080 _a05
100 _a23
101 _aENC
245 _aENCYCLOPEDIA OF CHEMICAL TECHNOLOGY
_cKIRK,R.E
942 _2udc
_cBK
999 _c20180
_d20180